000 01043cam a2200289 a 4500
001 690736
003 B
005 20250813141732.0
008 960611s1997 ilu d 000 0 eng
010 _a 96026178
020 _a0844209058 (pbk.)
040 _aDLC
_cDLC
_dDLC
_dWaU
050 0 0 _aPE1693
_b.K533 1997
082 0 0 _a423/.1
_220
100 1 _aKleinedler, Steven Racek.
245 1 0 _aShort cuts :
_bthe dictionary of useful abbreviations /
_cSteven Kleinedler.
260 _aLincolnwood, Ill. :
_bNTC Pub. Group,
_cc1997.
300 _aviii, 311 p. ;
_c20 cm.
440 4 _aThe Artful Wordsmith series
500 _aRev. ed. of: NTC's dictionary of acronyms and abbreviations. c1993.
650 0 _aAcronyms.
650 0 _aAbbreviations, English.
700 1 _aKleinedler, Steven Racek.
_tNTC's dictionary of acronyms and abbreviations.
906 _a7
_bcbc
_corignew
_d1
_eocip
_f19
_gy-gencatlg
942 _2lcc
_cREF
_n0
999 _c7268
_d7268